Normal view MARC view
  • Oro, Begoña

Entry Nombre Personal

Number of records used in: 1

001 - NUMERO DE CONTROL

  • campo de control: 45149

003 - IDENTIFICADOR DE NUMERO DE CONTROL

  • campo de control: DLC

005 - FECHA Y HORA DE LA ÜLTIMA TRANSACCIÓN

  • campo de control: 20220629144835.0

008 - DATOS DE LONGITUD FIJA

  • campo de control de longitud fija: 081010n| azannaabn |a aaa d

010 ## - NÚMERO DE CONTROL DE LA BIBLIOTECA DEL CONGRESO

  • Número de control LC: no2008149050

035 ## - NUMERO DE CONTROL

  • Número de control: (OCoLC)oca07904153

040 ## - FUENTE DE CATALOGACIÓN

  • Agencia original de catalogación: NbU
  • Lenguaje de catalogación: spa
  • Description conventions: rda
  • Agencia de transcripción: NbU
  • Agencia que lo modifica: NN
  • Agencia que lo modifica: ICrlF

100 1# - ENCABEZAMIENTO - NOMBRE PERSONAL

  • Nombre personal: Oro, Begoña

370 ## - LUGAR ASOCIADO

  • Place of birth: Zaragoza (España)
  • Fuente del término: naf

372 ## - CAMPO DE ACTIVIDAD

  • Field of activity: Literatura infantil
  • Fuente del término: lcsh

374 ## - OCUPACIÓN

  • Occupation: Traductor
  • Occupation: Autor
  • Fuente del término: lcsh

377 ## - LENGUA ASOCIADA

  • Language code: spa
  • Language code: eng

400 1# - VEÁSE - NOMBRE DE PERSONA

  • Personal name: Oro Pradera, Begoña

670 ## - FUENTE EN LA QUE SE LOCALIZARON DATOS

  • Cita de la fuente: Las sonrisas perdidas, 2007:
  • Información localizada: portada (Begoña Oro)

670 ## - FUENTE EN LA QUE SE LOCALIZARON DATOS

  • Cita de la fuente: Didi Keidy y el concurso de galletas, 2015 :
  • Información localizada: portada (Begoña Oro Pradera)

670 ## - FUENTE EN LA QUE SE LOCALIZARON DATOS

  • Cita de la fuente: Ediciones SM website, Aug. 16, 2018
  • Información localizada: (Begoña Oro Pradera ; traductora, consultora editorial y autora de literatura y libros de texto para jóvenes y niños ; nació en Zaragoza, España)

902 ## - CATALOGADOR

  • Catalogador: VRC/290622